Perbandaran dan pembangunan negara

Bibliographic Details
Main Authors: Rahimah Abdul Aziz (Author), Sulong Mohamad (Author)
Format: Book
Published: Bangi : Penerbit Universiti Kebangsaan Malaysia , 1985
Subjects:

MARC

LEADER 00000cam a2200000 7i4500
001 0000002805
005 20190120093000.0
008 021118n
020 |a 9679420396 
090 0 0 |a HT107   |b S4 
245 0 0 |a Perbandaran dan pembangunan negara   |c disunting oleh Sulong Mohamad, Rahimah Abd. Aziz 
260 2 |a Bangi :   |b Penerbit Universiti Kebangsaan Malaysia ,   |c 1985 
300 |a 415 p. ; ;   |c 25 sm. 
504 |a Bibliografi: ms. 397-415 
650 0 |a Urbanization   |z Malaysia   |v Congresses 
700 0 |a Rahimah Abdul Aziz ,   |e author 
700 0 |a Sulong Mohamad ,   |e author 
999 |a 1000047848   |b Seminar Papers   |c Reference   |e Gong Badak Campus